000 00568nam a22001817a 4500
005 20170620122452.0
010 _aENG-118882
020 _a9788192060807
_c290.00
035 _aEN-102414
037 _bDBAD/PUB
082 _a657
100 _aRao, K. Rajeswar
245 _aFudamentals of accounting & finance /
_cby K. Rajeswar Rao [and] G. Prasad
260 _aAhndhra Pradesh
_bJai Bharth Publishers
_c2012
270 _a2//18 Brodipet, Guntur
_bAhndhra Pradesh
_e522002
300 _aVarious pages.
_c25cm(pbk)
942 _2ddc
_cEN
_h657
_mRAO
999 _c141465
_d141465